| 000 | 00540nam a22001937a 4500 | ||
|---|---|---|---|
| 005 | 20260601145625.0 | ||
| 010 | _aENG-148656 | ||
| 020 |
_a9789349042872 _c199.00 |
||
| 035 | _aEN-132188 | ||
| 037 | _bDBAD | ||
| 082 |
_aS _21 |
||
| 100 |
_aBurnett, Frances Hodgson _987804 |
||
| 245 |
_aA Little Princess/ _cFrances Hodgson Burnett |
||
| 250 | _a1 | ||
| 260 |
_aChandigarh _bThe Browser _c2026 |
||
| 270 |
_bChandigarh _aSCO 14-15, Sector 8-C _e160009 _mservice@thebrowser.org |
||
| 300 |
_a175p. _c21cm(pb) |
||
| 942 |
_2ddc _cEN _hS _mBUR |
||
| 999 |
_c216433 _d216433 |
||